000
00228nam a2200097Ia 4500
001
656373
005
20250826154554.0
008
250824s9999 xx 000 0 und d
245
0
_a
DAVAM
_c
RAHMİ ERDEM
260
_b
TİMAŞ YAYINLARI
999
_c
656373
_d
656373